000
00373nam a2200157 a 4500
005
20140414093847.0
008
100617s19uu xx uuu eng d
050
_a
CDR 540
_b
GEN 2 of 2
245
_a
General chemistry :
_b
interactive cd-rom v.3.0.
942
_c
AVM
999
_c
109675
_d
109675